| 000 | 00399nam a22001217a 4500 | ||
|---|---|---|---|
| 082 | _a220 PRO | ||
| 100 |
_aAleena Umair, Bushra Farooq, Mahum Waqar, Tehreem Parvez _971682 |
||
| 245 | _aPR-SOF-1483-REAL TIME MULTI-OBJECT IDENTIFICATION AND TRACKING IN PANORAMIC VIEW | ||
| 260 |
_aISLAMABAD _bNUST COLLEGE OF EME _c2015 |
||
| 650 | _aDE-COMP-33 | ||
| 700 |
_aSAJID GUL KHAWAJA _969989 |
||
| 942 | _cCR | ||
| 999 |
_c578071 _d578071 |
||